Choose the Scottish county (5) - Statistics

General Stats
  • This quiz has been taken 17 times
  • The average score is 13 of 20
Answer Stats
Question Answer % Correct
John o' Groats Highland
100%
Airdrie North Lanarkshire
100%
Burravoe Shetland Islands
100%
Fraserburgh Aberdeenshire
75%
Carnoustie Angus
75%
Ardrishaig Argyll and Bute
75%
Yetts o' Muckhart Clackmannanshire
75%
Beattock Dumfries and Galloway
75%
Giffnock East Renfrewshire
75%
Polmont Falkirk
75%
Gartcosh North Lanarkshire
75%
Carluke South Lanarkshire
75%
Fauldhouse West Lothian
75%
Carmunnock Glasgow City
50%
Darnley Glasgow City
50%
Buckie Moray
50%
Kilwinning North Ayrshire
50%
Plains North Lanarkshire
25%
Balado Perth and Kinross
25%
Old Kilpatrick West Dunbartonshire
25%
No matching quizzes found
Score Distribution
Percent of People with Each Score
Percentile by Number Answered
Your Score History
You have not taken this quiz